[Event "Seniorenkampioenschap 2008"]
[Site "Oosterbeek"]
[Date "2008.07.11"]
[Round "7"]
[White "Etmans, M.D.."]
[Black "Berg, A.M.J. van den"]
[Result "0-1"]
[WhiteElo "2135"]
[BlackElo "2204"]
[PlyCount "120"]
[EventDate "2008.07.07"]
[EventType "swiss"]
[EventRounds "7"]
[EventCountry "NED"]

1. e3 c5 2. Nf3 Nc6 3. b3 e5 4. d4 e4 5. Ne5 cxd4 6. Nxc6 dxc6 7. exd4 Nf6 8.
Be2 Bd6 9. Bg5 Qc7 10. Nd2 Bf5 11. Bh4 Nd5 12. Bg3 Bxg3 13. hxg3 Nc3 14. Qc1 e3
15. Nf1 exf2+ 16. Kxf2 O-O 17. Bf3 Rfe8 18. Rh4 Rad8 19. Ne3 Ne4+ 20. Bxe4 Bxe4
21. Qd2 Rd6 22. Re1 Rf6+ 23. Kg1 Qxg3 24. Nf5 Rxf5 25. Rhxe4 Rxe4 26. Rxe4 h5
27. c4 h4 28. Re3 Qg6 29. d5 cxd5 30. cxd5 Qd6 31. Qd4 Qxd5 32. Re8+ Kh7 33.
Qxh4+ Kg6 34. Qg4+ Rg5 35. Qe4+ Qxe4 36. Rxe4 Kf6 37. Rc4 Re5 38. Kf2 Re6 39.
Rc7 Re7 40. Rc8 Rd7 41. Ke3 Kf5 42. Rc4 Kg5 43. Ra4 b6 44. Rc4 f5 45. Rc2 g6
46. Kf3 Rd3+ 47. Ke2 Rd6 48. Kf3 a5 49. Ke3 Kg4 50. Kf2 f4 51. Rb2 g5 52. Rc2
Rd5 53. Rb2 Kf5 54. Re2 g4 55. Rc2 g3+ 56. Ke2 Rc5 57. Rd2 Kg4 58. Rd6 Rc2+ 59.
Kf1 Rf2+ 60. Ke1 Rxg2 0-1

[Event "Seniorenkampioenschap 2008"]
[Site "Oosterbeek"]
[Date "2008.07.11"]
[Round "7"]
[White "Graaf, R.A.G. de"]
[Black "Leeuwen, E. van"]
[Result "1-0"]
[WhiteElo "2143"]
[BlackElo "2060"]
[PlyCount "53"]
[EventDate "2008.07.07"]
[EventType "swiss"]
[EventRounds "7"]
[EventCountry "NED"]

1. d4 Nf6 2. Nf3 g6 3. Bf4 Bg7 4. e3 O-O 5. h3 d5 6. c3 c5 7. Nbd2 Qb6 8. Qb3
Nbd7 9. Be2 cxd4 10. exd4 Qxb3 11. axb3 a6 12. O-O Re8 13. Rfe1 Nf8 14. Ne5 Bf5
15. g4 Be6 16. Bf3 N8d7 17. c4 Rad8 18. Nd3 h5 19. g5 Ne4 20. Nxe4 dxe4 21.
Bxe4 Bxh3 22. Bxb7 Bxd4 23. Bc7 Rc8 24. Bxc8 Rxc8 25. Bg3 e6 26. Rxa6 Bf5 27.
Rd6 1-0

[Event "Seniorenkampioenschap 2008"]
[Site "Oosterbeek"]
[Date "2008.07.11"]
[Round "7"]
[White "Monté,  P.J.."]
[Black "Goossen, T.P.."]
[Result "1-0"]
[WhiteElo "2044"]
[BlackElo "2019"]
[PlyCount "111"]
[EventDate "2008.07.07"]
[EventType "swiss"]
[EventRounds "7"]
[EventCountry "NED"]

1. f4 d5 2. Nf3 Bg4 3. e3 Nd7 4. h3 Bxf3 5. Qxf3 Ngf6 6. Nc3 c6 7. d4 Qc7 8.
Bd3 e6 9. O-O Bd6 10. g4 O-O-O 11. Bd2 h6 12. e4 dxe4 13. Nxe4 Nxe4 14. Bxe4
Nf6 15. c4 Bc5 16. dxc5 Rxd2 17. b4 Rhd8 18. Rfe1 g5 19. Rac1 R8d4 20. b5 gxf4
21. Bb1 Kd8 22. h4 cxb5 23. cxb5 Nd5 24. c6 Qb6 25. Kh1 Qxb5 26. Qa3 Ne7 27.
c7+ Kd7 28. Qxe7+ Kxe7 29. c8=Q f3 30. Bf5 Re2 31. Rc7+ Rd7 32. Rd1 Rh2+ 33.
Kxh2 Qe5+ 34. Kh3 Qxc7 35. Qxd7+ Qxd7 36. Rxd7+ Kxd7 37. Be4 f2 38. Kg2 f1=Q+
39. Kxf1 b5 40. Ke2 f6 41. Ke3 Kd6 42. Kd4 a5 43. Bd3 Kc6 44. Bc2 a4 45. a3 Kd6
46. Be4 b4 47. axb4 a3 48. Bb1 f5 49. gxf5 exf5 50. b5 f4 51. Ke4 Kc5 52. Kxf4
Kxb5 53. h5 Kc5 54. Ke5 Kc6 55. Ba2 Kd7 56. Kf6 1-0

[Event "Seniorenkampioenschap 2008"]
[Site "Oosterbeek"]
[Date "2008.07.11"]
[Round "7"]
[White "Mostertman, L.G.."]
[Black "Caspel, R.D.J. van"]
[Result "1-0"]
[WhiteElo "1942"]
[BlackElo "2056"]
[PlyCount "63"]
[EventDate "2008.07.07"]
[EventType "swiss"]
[EventRounds "7"]
[EventCountry "NED"]

1. e4 c6 2. d4 g6 3. c3 d5 4. Nd2 c5 5. dxc5 Bg7 6. Ngf3 dxe4 7. Nxe4 Qxd1+ 8.
Kxd1 f5 9. Ng3 e5 10. Bb5+ Bd7 11. a4 Nc6 12. Kc2 Nf6 13. Re1 O-O 14. Nxe5 Nxe5
15. Rxe5 Rfc8 16. Re7 Bxb5 17. axb5 Rxc5 18. Rxb7 Nd5 19. Bd2 Bd4 20. f3 Rcc8
21. Ne2 Bb6 22. Kb3 Nc7 23. c4 Ne6 24. Bb4 Re8 25. Nc3 Nd4+ 26. Ka2 Nc2 27. Nd5
Nxb4+ 28. Nxb4 Re2 29. Rd1 Rxg2 30. Nd5 Rxh2 31. Nf6+ Kf8 32. Rdd7 1-0

[Event "Seniorenkampioenschap 2008"]
[Site "Oosterbeek"]
[Date "2008.07.11"]
[Round "7"]
[White "Rooi, P. de"]
[Black "Grotenhuis, G.H.."]
[Result "0-1"]
[WhiteElo "1951"]
[BlackElo "1958"]
[PlyCount "32"]
[EventDate "2008.07.07"]
[EventType "swiss"]
[EventRounds "7"]
[EventCountry "NED"]

1. d4 d5 2. c4 e6 3. Nc3 f5 4. cxd5 exd5 5. Nf3 Nf6 6. e3 c6 7. Bd3 Bd6 8. Qc2
Ne4 9. Bd2 Na6 10. a3 O-O 11. g4 Nxf2 12. Kxf2 fxg4 13. Bxh7+ Kh8 14. Raf1 Qh4+
15. Kg1 gxf3 16. Bd3 f2+ 0-1

[Event "Seniorenkampioenschap 2008"]
[Site "Oosterbeek"]
[Date "2008.07.11"]
[Round "7"]
[White "Wilmink, J.."]
[Black "Plijter, M.W.."]
[Result "1-0"]
[WhiteElo "2024"]
[BlackElo "1935"]
[PlyCount "89"]
[EventDate "2008.07.07"]
[EventType "swiss"]
[EventRounds "7"]
[EventCountry "NED"]

1. d4 Nf6 2. c4 g6 3. Nc3 d5 4. cxd5 Nxd5 5. e4 Nxc3 6. bxc3 Bg7 7. Bc4 O-O 8.
Ne2 c5 9. Be3 Nc6 10. O-O Bg4 11. f3 Bd7 12. Qd2 Na5 13. Bd3 Qc7 14. Rac1 Rfd8
15. Bg5 f6 16. Bh4 Be6 17. d5 Bf7 18. Bg3 Qd7 19. c4 b6 20. f4 e6 21. Nc3 exd5
22. cxd5 a6 23. Qe2 b5 24. Rfd1 Re8 25. e5 b4 26. e6 Bxe6 27. dxe6 Qa7 28. Be4
bxc3 29. Bxa8 Qxa8 30. Rxc3 f5 31. Rxc5 Nc6 32. Bf2 Ne7 33. Rd7 Bf6 34. Qc4 Qb8
35. h3 Qb1+ 36. Kh2 Qb8 37. Rcc7 Qb2 38. Bc5 Kf8 39. Qxa6 g5 40. Qd3 gxf4 41.
Qxf5 Kg8 42. Bxe7 Be5 43. Qf7+ Kh8 44. Qxe8+ Kg7 45. Bh4+ 1-0

[Event "Seniorenkampioenschap 2008"]
[Site "Oosterbeek"]
[Date "2008.07.11"]
[Round "7"]
[White "Taal, A.P.."]
[Black "Wouters, J.T.M.."]
[Result "1/2-1/2"]
[WhiteElo "1930"]
[BlackElo "1922"]
[PlyCount "33"]
[EventDate "2008.07.07"]
[EventType "swiss"]
[EventRounds "7"]
[EventCountry "NED"]

1. d4 f5 2. e4 fxe4 3. Nc3 Nf6 4. Bg5 Nc6 5. d5 Ne5 6. Qd4 Nf7 7. Bxf6 exf6 8.
Nxe4 f5 9. Ng3 g6 10. Nf3 Qe7+ 11. Be2 Qb4+ 12. Qxb4 Bxb4+ 13. c3 Be7 14. O-O
O-O 15. Rfe1 Bf6 16. Rad1 d6 17. Nd4 1/2-1/2

[Event "Seniorenkampioenschap 2008"]
[Site "Oosterbeek"]
[Date "2008.07.11"]
[Round "7"]
[White "Peut, A. van der"]
[Black "Berge, H.J.M. ten"]
[Result "1-0"]
[WhiteElo "1893"]
[BlackElo "1941"]
[PlyCount "33"]
[EventDate "2008.07.07"]
[EventType "swiss"]
[EventRounds "7"]
[EventCountry "NED"]

1. e4 e6 2. Nc3 d5 3. d4 Bb4 4. e5 c5 5. a3 Bxc3+ 6. bxc3 Qa5 7. Bd2 cxd4 8.
Qg4 Ne7 9. cxd4 Qa4 10. Bd3 h5 11. Qf4 b6 12. Ne2 Ba6 13. Bb4 Nec6 14. Nc3 Nxb4
15. Nxa4 Nxd3+ 16. cxd3 Bxd3 17. Qd2 1-0

[Event "Seniorenkampioenschap 2008"]
[Site "Oosterbeek"]
[Date "2008.07.11"]
[Round "7"]
[White "Scholten, K.R.."]
[Black "Haitsma, A.H.."]
[Result "1/2-1/2"]
[WhiteElo "1968"]
[BlackElo "2011"]
[PlyCount "87"]
[EventDate "2008.07.07"]
[EventType "swiss"]
[EventRounds "7"]
[EventCountry "NED"]

1. e4 e5 2. f4 exf4 3. Nf3 d5 4. exd5 Nf6 5. Bc4 c6 6. d4 Nxd5 7. Bxd5 Qxd5 8.
Nc3 Bb4 9. O-O Bxc3 10. bxc3 O-O 11. Bxf4 Bg4 12. Qd3 Bf5 13. Qd2 Nd7 14. Ne5
Nxe5 15. Bxe5 Bg6 16. a4 Rad8 17. Rf2 f6 18. Bf4 Rfe8 19. Qc1 c5 20. Qb2 cxd4
21. cxd4 Qxd4 22. Qxd4 Rxd4 23. c3 Rc4 24. Bd2 a5 25. Rf4 Ree4 26. Rxe4 Bxe4
27. Ra3 Bc2 28. Be3 Bxa4 29. Bb6 Bc6 30. Bxa5 Re4 31. Ra2 Kf7 32. Kf2 Ke6 33.
g3 Bb5 34. Bb6 f5 35. h4 f4 36. Kf3 Bc6 37. Re2 Rxe2+ 38. Kxe2 fxg3 39. Bc7 g2
40. Kf2 Kf5 41. Bd8 Kg4 42. Be7 g6 43. Bd8 Kh3 44. Kg1 1/2-1/2

[Event "Seniorenkampioenschap 2008"]
[Site "Oosterbeek"]
[Date "2008.07.11"]
[Round "7"]
[White "Nagel, J.G.."]
[Black "Duijn, R. van"]
[Result "1/2-1/2"]
[WhiteElo "1925"]
[BlackElo "1919"]
[PlyCount "62"]
[EventDate "2008.07.07"]
[EventType "swiss"]
[EventRounds "7"]
[EventCountry "NED"]

1. e4 e6 2. Bc4 d5 3. exd5 exd5 4. Bb3 Bd6 5. d4 Nf6 6. Nf3 O-O 7. O-O Bg4 8.
Bg5 c6 9. Qd3 Nbd7 10. Re1 Qc7 11. Bxf6 Nxf6 12. Ne5 Rae8 13. f4 c5 14. Ba4 Re7
15. c3 g6 16. Nd2 Bf5 17. Qf3 Ne4 18. Nxe4 dxe4 19. Qe2 f6 20. Bb3+ Kg7 21. g4
Bc8 22. h3 cxd4 23. cxd4 fxe5 24. fxe5 Bxe5 25. dxe5 Qxe5 26. Rad1 Be6 27. Qxe4
Bxb3 28. Qxe5+ Rxe5 29. Rd7+ Kf6 30. Rxe5 Kxe5 31. axb3 Rf3 1/2-1/2